[Event "AUTO-OPEN-3181"]
[Site "http://www.queenalice.com/game.php?id=1253949"]
[Date "2014.2.5"]
[Round "1"]
[White "shirya00007"]
[Black "Famelo"]
[Result "0-1"]
[WhiteElo "2079"]
[BlackElo "2140"]

1. e4 d6 2. d4 Nf6 3. Bd3 g6 4. f4 Bg4 5. Nf3 Nc6 6. Be3 Bg7 7. c3 O-O 8. Nbd2
e5 9. h3 exd4 10. cxd4 Bd7 11. Qe2 Nb4 12. O-O Re8 13. Rae1 Nh5 14. Kh2 Nxa2 15.
g4 Nf6 16. Ng5 Nb4 17. e5 Nfd5 18. Nde4 Nxe3 19. Qxe3 a6 20. Qg3 Nxd3 21. Qxd3
Bb5 22. Qg3 Bxf1 23. Rxf1 dxe5 24. dxe5 Qd4 25. Rf2 h6 26. Rd2 Qb4 27. Re2 hxg5
28. Nxg5 Qb5 29. Qf3 Rad8 30. Ne4 Rd3 31. Qf2 Red8 32. f5 Bxe5+ 33. Kg2 Qc6 34.
fxg6 Rg3+ 35. Kf1 Rd1+ 36. Re1 Rxe1+ 37. Kxe1 Qxe4+ 38. Kf1 Rf3 0-1

[Event "AUTO-OPEN-3181"]
[Site "http://www.queenalice.com/game.php?id=1253950"]
[Date "2014.2.5"]
[Round "1"]
[White "Famelo"]
[Black "shirya00007"]
[Result "0-1"]
[WhiteElo "2107"]
[BlackElo "2064"]

1. f4 e5 2. d3 Nc6 3. Nf3 exf4 4. Bxf4 d5 5. g3 Bd6 6. Bg5 f6 7. Bd2 Bg4 8. Bg2
Nge7 9. O-O Qd7 10. Nc3 Bh3 11. Nb5 Bxg2 12. Nxd6+ Qxd6 13. Kxg2 O-O-O 14. b4
Nxb4 15. Bf4 Qd7 16. c3 Nbc6 17. Rb1 g5 18. Be3 Nf5 19. Bg1 g4 20. Nd4 Ncxd4 21.
cxd4 Qe8 22. Rxf5 h5 23. e3 Qg6 24. e4 h4 25. Rf4 h3+ 26. Kf1 dxe4 27. Qxg4+
Qxg4 28. Rxg4 exd3 29. Rd1 Rhe8 30. Rxd3 Rd6 31. Ra3 Rde6 32. Bf2 a6 33. Rc3 Re2
34. Rg7 c6 35. d5 Rxa2 36. dxc6 Ra1+ 37. Be1 Rexe1+ 38. Kf2 Rf1+ 39. Ke3 bxc6
40. Rxc6+ Kd8 41. Rh7 Rae1+ 42. Kd3 Rd1+ 43. Ke4 Rde1+ 44. Kd5 Rd1+ 45. Ke6
Rde1+ 46. Kf7 Re7+ 47. Kg6 Rxh7 0-1

[Event "AUTO-OPEN-3181"]
[Site "http://www.queenalice.com/game.php?id=1253973"]
[Date "2014.2.5"]
[Round "1"]
[White "Famelo"]
[Black "volga1"]
[Result "0-1"]
[WhiteElo "2158"]
[BlackElo "1965"]

1. f4 g6 2. Nf3 Bg7 3. e3 e6 4. Be2 Ne7 5. O-O d6 6. Nc3 Nd7 7. b3 b6 8. Bb2 Bb7
9. Ng5 h6 10. Nf3 a6 11. d4 Nf5 12. Qd2 O-O 13. e4 Nh4 14. Nxh4 Qxh4 15. Rf3 f5
16. Rh3 Qe7 17. e5 dxe5 18. d5 exd5 19. Nxd5 Bxd5 20. Rd1 Bc6 21. Bc4+ Kh7 22.
b4 exf4 23. Bxg7 Qxg7 24. Qxf4 Ne5 25. Bd3 Nxd3 26. Rhxd3 Rf7 27. c4 Re8 28. Qf2
Be4 29. Rd4 c5 30. bxc5 bxc5 31. Rd6 Bb7 32. Qxc5 Re2 33. R6d2 Rxd2 34. Rxd2
Qa1+ 35. Kf2 Qf6 36. g3 Qc6 37. Qd5 Qxd5 38. cxd5 Rd7 39. d6 Kg7 40. Rc2 Be4 41.
Rc7 Rxc7 42. dxc7 Bb7 43. Ke3 Kf6 44. Kd4 Ke6 45. Kc5 Kd7 46. Kb6 Bc8 47. h4 g5
48. hxg5 hxg5 49. a4 f4 0-1

[Event "AUTO-OPEN-3181"]
[Site "http://www.queenalice.com/game.php?id=1253974"]
[Date "2014.2.5"]
[Round "1"]
[White "volga1"]
[Black "Famelo"]
[Result "1-0"]
[WhiteElo "1915"]
[BlackElo "2066"]

1. e4 d6 2. d4 Nf6 3. Nc3 g6 4. Bg5 Bg7 5. Qd2 Nc6 6. f3 O-O 7. O-O-O e5 8. dxe5
Nxe5 9. Bh6 a6 10. Bxg7 Kxg7 11. h4 Nh5 12. Nge2 b5 13. Nd5 Be6 14. g4 Nf6 15.
Nxf6 Qxf6 16. g5 Qxf3 17. h5 Nc4 18. Qd4+ f6 19. h6+ Kg8 20. Rh3 Bxh3 21. Bxh3
Qxh3 22. Kb1 Qe3 23. Qd5+ Kh8 24. Nc3 Qf4 25. Qb7 fxg5 26. Qxc7 Rf7 27. Qc6 Raf8
28. Qxa6 b4 29. Qxc4 bxc3 30. Qxc3+ Kg8 31. Qc4 g4 32. a4 Qxh6 33. Rxd6 Qf4 34.
Rd1 g3 35. a5 g2 36. Ka2 Qf1 37. Rxf1 gxf1=Q 38. Qe6 Qb5 39. b3 Qxa5+ 40. Kb2
Ra8 41. Qc4 1-0

[Event "AUTO-OPEN-3181"]
[Site "http://www.queenalice.com/game.php?id=1253975"]
[Date "2014.2.5"]
[Round "1"]
[White "Famelo"]
[Black "Bruscato"]
[Result "1-0"]
[WhiteElo "2123"]
[BlackElo "2039"]

1. f4 c5 2. Nf3 Nc6 3. e3 d5 4. Bb5 Bd7 5. O-O a6 6. Bxc6 Bxc6 7. Ne5 Rc8 8. b3
Nf6 9. Bb2 e6 10. Nc3 Bd6 11. Ng4 d4 12. Na4 Bxa4 13. bxa4 dxe3 14. Nxf6+ gxf6
15. dxe3 Be7 16. Qf3 Qc7 17. Rad1 Rd8 18. Rd3 Rxd3 19. cxd3 Rg8 20. Rc1 Qd7 21.
d4 cxd4 22. Bxd4 b5 23. Qa8+ Bd8 24. Bxf6 1-0

[Event "AUTO-OPEN-3181"]
[Site "http://www.queenalice.com/game.php?id=1253976"]
[Date "2014.2.5"]
[Round "1"]
[White "Bruscato"]
[Black "Famelo"]
[Result "1-0"]
[WhiteElo "2008"]
[BlackElo "2143"]

1. e4 d6 2. d4 Nf6 3. Nc3 g6 4. f4 Bg4 5. Qd3 Bd7 6. e5 Nh5 7. Be3 Nc6 8. O-O-O
Bf5 9. Qb5 Qd7 10. d5 Nd8 11. Qe2 Bg4 12. Nf3 Bh6 13. Qc4 Ng7 14. Be2 Nf5 15.
Bd2 Bxf3 16. Bxf3 O-O 17. h4 c5 18. g4 Nd4 19. Qf1 Bg7 20. Re1 b6 21. h5 b5 22.
hxg6 fxg6 23. Qh3 h6 24. e6 Qe8 25. Be4 b4 26. Nd1 Qa4 27. Kb1 Qe8 28. f5 gxf5
29. gxf5 Rf6 30. Reg1 h5 31. Rg6 Rxg6 32. fxg6 N8xe6 33. dxe6 Bf6 34. Qxh5 Bg7
35. Rf1 1-0

[Event "AUTO-MASTER-2029"]
[Site "http://www.queenalice.com/game.php?id=1254027"]
[Date "2014.2.5"]
[Round "1"]
[White "Famelo"]
[Black "rich"]
[Result "0-1"]
[WhiteElo "2092"]
[BlackElo "2150"]

1. f4 d5 2. Nf3 Nf6 3. e3 Bg4 4. Be2 e6 5. O-O Bd6 6. Ne5 Bxe2 7. Qxe2 Nbd7 8.
d4 O-O 9. Nd2 c5 10. Ndf3 Ne4 11. c3 Ndf6 12. Bd2 Rc8 13. Rac1 Qe7 14. Be1 c4
15. Bh4 Qc7 16. Bxf6 Nxf6 17. Nd2 b5 18. e4 dxe4 19. Nxe4 Nxe4 20. Qxe4 a5 21.
Rf3 f6 22. Ng4 Qf7 23. f5 Rce8 24. Rh3 e5 25. Rg3 Kh8 26. d5 Bc5+ 27. Kh1 Rd8
28. Rd1 Rd6 29. b4 axb4 30. cxb4 Bd4 31. Ne3 Bxe3 32. Rxe3 Rfd8 33. Ra3 h6 34.
Rc3 Rxd5 35. Rxd5 Qxd5 36. Qxd5 Rxd5 37. h3 Rd3 38. Rc1 e4 39. Kg1 e3 40. Kf1
Rd2 41. a4 Rf2+ 42. Kg1 bxa4 43. Rxc4 a3 44. Rc8+ Kh7 45. Ra8 a2 46. b5 Rb2 47.
Kf1 Rb1+ 48. Ke2 a1=Q 49. Rxa1 Rxa1 0-1

[Event "AUTO-MASTER-2029"]
[Site "http://www.queenalice.com/game.php?id=1254028"]
[Date "2014.2.5"]
[Round "1"]
[White "rich"]
[Black "Famelo"]
[Result "1-0"]
[WhiteElo "2171"]
[BlackElo "2044"]

1. d4 Nf6 2. c4 g6 3. Nc3 Bg7 4. e4 d6 5. Nf3 O-O 6. Be2 Nc6 7. O-O e5 8. d5 Ne7
9. b4 Nd7 10. Nd2 f5 11. c5 fxe4 12. Ndxe4 dxc5 13. bxc5 Nf6 14. Bc4 Kh8 15. Ba3
Nxe4 16. Nxe4 Bf5 17. f3 Bxe4 18. fxe4 Rf4 19. Rxf4 exf4 20. Rb1 b6 21. d6 cxd6
22. cxd6 Nc6 23. Bd5 Rc8 24. Be6 Rb8 25. Qa4 Nd4 26. Bd5 Ne2+ 27. Kf1 Nc3 28.
Qb3 Nxb1 29. Qxb1 f3 30. gxf3 Qf6 31. Qd1 Bf8 32. Bc4 b5 33. Bb3 b4 34. Bc1 h5
35. d7 1-0

[Event "AUTO-MASTER-2029"]
[Site "http://www.queenalice.com/game.php?id=1254029"]
[Date "2014.2.5"]
[Round "1"]
[White "Famelo"]
[Black "jupar"]
[Result "1-0"]
[WhiteElo "2129"]
[BlackElo "2101"]

1. f4 Nf6 2. Nf3 d5 3. e3 Nbd7 4. Be2 g6 5. b3 Bg7 6. Bb2 O-O 7. O-O Re8 8. Na3
a6 9. c4 c6 10. Nc2 Nc5 11. cxd5 cxd5 12. Ne5 e6 13. b4 Ncd7 14. Nd3 Ne4 15.
Bxg7 Kxg7 16. Nd4 Qb6 17. Qc1 e5 18. fxe5 Nxe5 19. Nxe5 Rxe5 20. Qb2 f6 21. Bd3
Bd7 22. Bxe4 Rxe4 23. Rf2 Rf8 24. Raf1 Qd6 25. b5 Rh4 26. g3 Re4 27. bxa6 Bh3
28. Nb5 Qb6 29. Rb1 bxa6 30. Nc3 Qxb2 31. Rxb2 Re5 32. Ne2 g5 33. Nd4 Kg6 34.
Rb6 a5 35. Ra6 h5 36. Rxa5 Rc8 37. Nb3 Rc2 38. d4 Rxf2 39. Kxf2 Rf5+ 40. Ke2 Rf1
41. Rxd5 Rh1 42. a4 Rxh2+ 43. Kd3 Be6 44. Rb5 Rh3 45. Nc5 Bf5+ 46. e4 Rxg3+ 47.
Kc4 Bc8 48. Rb8 Bh3 49. d5 Bf1+ 50. Kd4 Rg2 51. Ke3 Rc2 52. Ne6 Rc3+ 53. Kf2 Bh3
54. Nd4 Rc4 55. Ke3 Rxa4 56. Rb6 Ra3+ 57. Kf2 h4 58. e5 Rd3 59. Rxf6+ Kh5 60. e6
Rxd4 61. e7 Re4 62. Re6 Bxe6 63. e8=Q+ Kh6 64. dxe6 Rf4+ 65. Ke3 Kg7 66. Qd7+
Kg6 67. e7 1-0

[Event "AUTO-MASTER-2029"]
[Site "http://www.queenalice.com/game.php?id=1254030"]
[Date "2014.2.5"]
[Round "1"]
[White "jupar"]
[Black "Famelo"]
[Result "0-1"]
[WhiteElo "2036"]
[BlackElo "2132"]

1. d4 Nf6 2. c4 g6 3. Nc3 Bg7 4. Nf3 O-O 5. e4 d6 6. h3 Nc6 7. Be2 e5 8. Bg5
exd4 9. Nxd4 Nxd4 10. Qxd4 c5 11. Qd1 Be6 12. O-O a6 13. Nd5 Bxd5 14. exd5 Qc7
15. Rb1 Ne4 16. Bf4 Rfe8 17. Bd3 f5 18. f3 Bd4+ 19. Kh2 Nf2 20. Qd2 Nxd3 21.
Qxd3 Re7 22. Rfe1 Rae8 23. Rxe7 Qxe7 24. b4 Be5 25. Bxe5 Qxe5+ 26. Kg1 cxb4 27.
Rxb4 Qe1+ 28. Kh2 Qxb4 0-1

[Event "AUTO-MASTER-2029"]
[Site "http://www.queenalice.com/game.php?id=1254031"]
[Date "2014.2.5"]
[Round "1"]
[White "Famelo"]
[Black "VladimirSpirin"]
[Result "1-0"]
[WhiteElo "2117"]
[BlackElo "2121"]

1. f4 b6 2. Nf3 Bb7 3. e3 g6 4. Be2 Bg7 5. O-O e6 6. Nc3 d6 7. d4 Ne7 8. e4 Nd7
9. e5 d5 10. b3 a6 11. Qe1 h6 12. Nd1 Nf5 13. Ba3 b5 14. g4 Ne7 15. Bd3 Nc6 16.
Nf2 Bf8 17. Bxf8 Nxf8 18. Rc1 Qe7 19. a4 b4 20. c4 Na5 21. c5 Nc6 22. Bb1 a5 23.
Qd2 Ba6 24. Bd3 Nb8 25. Nh3 c6 26. f5 exf5 27. g5 hxg5 28. Nhxg5 Ne6 29. Bxa6
Nxa6 30. Nxe6 fxe6 31. Rf2 Kd7 32. Rg2 Rag8 33. Kh1 Nc7 34. Rcg1 Qe8 35. Ne1 Rh5
36. Nd3 Rh4 37. Nf4 g5 38. Rxg5 Rxg5 39. Rxg5 Qf7 40. Qf2 Rh7 41. Qg3 Ne8 42.
Kg2 Ke7 43. Rg6 Rg7 44. Rxg7 Qxg7 45. h4 Qh6 46. Qg5+ Qxg5+ 47. hxg5 Ng7 48. Kh3
Kf7 49. Kh4 Ke7 50. g6 Ke8 51. Kg5 Kf8 52. Kf6 Kg8 53. Ke7 Kh8 54. Nxe6 Nxe6 55.
Kxe6 f4 56. Kf7 f3 57. g7+ 1-0

[Event "AUTO-MASTER-2029"]
[Site "http://www.queenalice.com/game.php?id=1254032"]
[Date "2014.2.5"]
[Round "1"]
[White "VladimirSpirin"]
[Black "Famelo"]
[Result "0-1"]
[WhiteElo "2137"]
[BlackElo "2131"]

1. b3 Nf6 2. Bb2 e6 3. g3 Be7 4. Bg2 O-O 5. d3 Nc6 6. e3 d5 7. Ne2 e5 8. h3 Bb4+
9. Nd2 e4 10. d4 Ne8 11. a3 Bd6 12. Nc3 Be6 13. Qe2 a6 14. O-O-O b5 15. Na2 Ne7
16. g4 f5 17. gxf5 Nxf5 18. b4 Nh4 19. Rdg1 Qf6 20. Bxe4 dxe4 21. Nxe4 Qf3 22.
Qxf3 Nxf3 23. Nac3 Nxg1 24. Rxg1 Bxh3 25. f4 Nf6 26. Nxf6+ Rxf6 27. Ne4 Re6 28.
Ng5 Rxe3 29. Nxh3 Rxh3 30. f5 Rf8 31. d5 Rg3 32. Rf1 Rg5 33. f6 gxf6 34. Kb1 f5
35. Bc3 f4 36. Kb2 Be5 37. Bxe5 Rxe5 38. Rxf4 Rxf4 39. c4 Rxc4 40. Kb1 Re2 41.
Ka1 Rc1# 0-1

[Event "Challenge"]
[Site "http://www.queenalice.com/game.php?id=1264932"]
[Date "2014.3.14"]
[Round "-"]
[White "Famelo"]
[Black "INSPETOR"]
[Result "0-1"]
[WhiteElo "2130"]
[BlackElo "1475"]

1. f4 d5 2. Nf3 Nf6 3. g3 Nc6 4. Bg2 Bf5 5. O-O e6 6. Nc3 d4 7. Nb5 a6 8. Na3
Bc5 9. Kh1 O-O 10. Nc4 Be4 11. d3 Bd5 12. Ncd2 Ng4 13. Nc4 b5 14. Nce5 Ncxe5 15.
fxe5 f6 16. exf6 Qxf6 17. h3 Ne3 18. Bxe3 dxe3 19. Kh2 Bd6 20. c3 Bxg3+ 21. Kxg3
Qf4# 0-1

[Event "Challenge"]
[Site "http://www.queenalice.com/game.php?id=1268368"]
[Date "2014.3.26"]
[Round "-"]
[White "Near"]
[Black "Famelo"]
[Result "1-0"]
[WhiteElo "2182"]
[BlackElo "2078"]

1. c4 Nf6 2. Nc3 g6 3. g3 Bg7 4. Bg2 O-O 5. e4 d6 6. Nge2 Nc6 7. O-O e5 8. f4
Bg4 9. h3 Bxe2 10. Nxe2 exf4 11. gxf4 Re8 12. d3 Nh5 13. f5 Nd4 14. fxg6 Nxe2+
15. Qxe2 hxg6 16. Be3 1-0